Supporting an evolving industry (Record no. 79655)
[ view plain ]
| 000 -LEADER | |
|---|---|
| fixed length control field | 00788cab a22001935a 4500 |
| 001 - CONTROL NUMBER | |
| control field | L141914 |
| 008 - FIXED-LENGTH DATA ELEMENTS--GENERAL INFORMATION | |
| fixed length control field | 080115s2008 xxk f 000 0 eng d |
| 035 ## - SYSTEM CONTROL NUMBER | |
| System control number | (Sirsi) u141914 |
| 041 0# - LANGUAGE CODE | |
| Language code of text/sound track or separate title | eng |
| 100 1# - MAIN ENTRY--PERSONAL NAME | |
| Personal name | Farookhi, Imtiaz |
| 245 00 - TITLE STATEMENT | |
| Title | Supporting an evolving industry |
| 260 ## - PUBLICATION, DISTRIBUTION, ETC. | |
| Date of publication, distribution, etc. | 2008 |
| 490 #0 - SERIES STATEMENT | |
| Series statement | Building Engineer |
| Volume/sequential designation | 83(1) January 2008, 16-17(2) |
| 520 ## - SUMMARY, ETC. | |
| Summary, etc. | Discusses the National House Building Council's (NHBC's) viewpoint on achieving government's zero carbon homes target, and stresses the importance of bringing consumers into the debate. Looks at the NHBC's sustainability policy and highlights its range of publications on sustainability issues. |
| 590 ## - LOCAL NOTE (RLIN) | |
| Local note | KA |
| 651 #4 - SUBJECT ADDED ENTRY--GEOGRAPHIC NAME | |
| Geographic name | United Kingdom |
| Chronological subdivision | |
| 690 ## - LOCAL SUBJECT ADDED ENTRY--TOPICAL TERM (OCLC, RLIN) | |
| Topical term or geographic name as entry element | BUILT ENVIRONMENT-SUSTAINABLE CONSTRUCTION |
| 942 ## - ADDED ENTRY ELEMENTS (KOHA) | |
| Suppress in OPAC | 0 |
| Withdrawn status | Lost status | Source of classification or shelving scheme | Damaged status | Not for loan | Home library | Current library | Shelving location | Date acquired | Total Checkouts | Full call number | Barcode | Date last seen | Copy number | Price effective from | Koha item type |
|---|---|---|---|---|---|---|---|---|---|---|---|---|---|---|---|
| Dewey Decimal Classification | London | London | Journal article | 15/01/2008 | L141914 | 141914-1001 | 06/08/2019 | 1 | 06/08/2019 | Journal article |